000 00683nam a2200217Ia 4500
005 20250508165920.0
008 008 250505s9999 xx 000 0 eng d
020 _a0-582-28125-3
037 _aTextBook
040 _aFEDL
_beng
_cFEDL
041 _aeng
_2eng
084 _a153.42, LIN/R
_qFEDL
100 _aLing Quah May Ed.
_9782400
245 0 _aThinking processes: Going beyond the surface curriculum
260 _aSingapore
_bPrentice- Hall
_c1998
300 _axii, 443p.
546 _aGifted by H.O.D. Namita Ranganathan in memory of Prof. Arvind Gaysu
700 _a Kam Ho Wah Ed.
_9782401
942 _cTB
_h153.42, LIN/R
999 _c1398164
_d1398164